000 00434nab a2200145Ia 4500
003 ES-SlBCS
005 20210601125245.0
008 140529s1982 xxu||||| |||| 00| 0 eng d
041 _aeng
100 1 _aRoutley, Richard
_9151853
245 0 0 _aOn What There Is Not
_c Richard Routley
600 1 4 _aQuine, William O.
_9135393
773 0 _tPhilosophy and Phenomenological Research
_gvol. 43, 1982, págs. 151-178
_wRev1411
942 _cAR
999 _c527354
_d527354